Zero tolerance (Record no. 78381)
[ view plain ]
| 000 -LEADER | |
|---|---|
| fixed length control field | 01120cab a2200205 4500 |
| 001 - CONTROL NUMBER | |
| control field | ##L136635 |
| 008 - FIXED-LENGTH DATA ELEMENTS--GENERAL INFORMATION | |
| fixed length control field | 070213n2007 000 0 eng u |
| 035 ## - SYSTEM CONTROL NUMBER | |
| System control number | (Sirsi) u136635 |
| 041 0# - LANGUAGE CODE | |
| Language code of text/sound track or separate title | eng |
| 100 1# - MAIN ENTRY--PERSONAL NAME | |
| Personal name | Kennett, Stephen |
| 245 00 - TITLE STATEMENT | |
| Title | Zero tolerance |
| 260 ## - PUBLICATION, DISTRIBUTION, ETC. | |
| Date of publication, distribution, etc. | 2007 |
| 490 #0 - SERIES STATEMENT | |
| Series statement | Building Services Journal |
| Volume/sequential designation | February 2007, 14-16(3) |
| 520 ## - SUMMARY, ETC. | |
| Summary, etc. | Discusses industry concerns over government plans to make all new housing carbon neutral by 2016. Suggests that achieving zero carbon may not be feasible and to get a 40% reduction in carbon emissions would mean going for large-scale off-site generation. Highlights BedZED as one of the few zero carbon developments in existence and examines BioRegional's plans for its Z-squared scheme on the Thames Gateway, with biomass CHP as a possible energy solution. Looks at the problems of reducing carbon emissions in individual dwellings and concludes by highlighting the issue of cost. |
| 590 ## - LOCAL NOTE (RLIN) | |
| Local note | KA |
| 650 24 - SUBJECT ADDED ENTRY--TOPICAL TERM | |
| Topical term or geographic name entry element | BEDZED |
| 651 #4 - SUBJECT ADDED ENTRY--GEOGRAPHIC NAME | |
| Geographic name | England and Wales |
| Chronological subdivision | 1543- |
| 690 ## - LOCAL SUBJECT ADDED ENTRY--TOPICAL TERM (OCLC, RLIN) | |
| Topical term or geographic name as entry element | ENVIRONMENTAL AND LAND CONSULTANCY-ENERGY-ENERGY USE-ENERGY EFFICIENCY |
| 942 ## - ADDED ENTRY ELEMENTS (KOHA) | |
| Suppress in OPAC | 0 |
| Withdrawn status | Lost status | Source of classification or shelving scheme | Damaged status | Not for loan | Home library | Current library | Shelving location | Date acquired | Total Checkouts | Full call number | Barcode | Date last seen | Copy number | Price effective from | Koha item type |
|---|---|---|---|---|---|---|---|---|---|---|---|---|---|---|---|
| Dewey Decimal Classification | London | London | Journal article | 13/02/2007 | L136635 | 136635-1001 | 06/08/2019 | 1 | 06/08/2019 | Journal article |